01282na a2200385 450000100060000000300080000600500170001400800410003102000180007204000250009004100080011508200230012311000310014624500980017724600400027526000720031530000190038744000470040649000490045365000290050265000280053165000540055970000200061370000240063370000290065770000180068670000200070470000260072470000200075070000210077070000220079170000220081370000210083574000400085623387MIRAKIL20181213155033.0170920b tu 000 0  a9786056644443 aMilasbturcTR-AnCHP atur a321.8bS67ö 2017 aSosyal Demokrasi Derneği aÖzgür insan ve demokrasib Özgür insan dergisi yazılarıcSosyal Demokrasi Derneği aÖzgür insan dergisi yazıları aAnkarabSosyal Demokrasi Derneğic2017fZiraat Grup Matbaacılık a254 s.c19 sm. aSosyal Demokrasi Derneği Yayınlarıv13 aSosyal Demokrasi Düşünce Dünyasıv4 aSosyal devletzTürkiye aCHP ve Sosyal Demokrasi aSiyaset ve yönetimxSosyal demokrasizTürkiye aKuruç, Bilsay aÜstünel, Besime aKışlalı, Ahmet Taner aBaykal, Deniz aAtabaş, Kadri aYücekök, Ahmet N. aErginsoy, Faruk aSoysal, Mümtaz aTaylan, Muhittin aKabasakal, Mehmet aEcevit, Bülent aÖzgür insan dergisi yazıları